000 00696nam a2200229Ia 4500
008 191130s2006##################000#0#eng##
020 _a9780195187960
022 _a2005049871
040 _aACL
_cACL
082 _a306.44 MAC
100 _aMacaulay, Ronald K. S
245 _aThe social art : language and its uses
_cRonald Macaulay
250 _a2nd ed
260 _aOxford
_bOxford University Press
_cc2006
300 _axii, 244 p. : ill., maps ; 24 cm
500 _aIncludes bibliographical references (p. 227-233) and index
650 _aLanguage and languages
650 _aSociolinguistics
990 _a764761a4ac10000c7fc92dc13aa30add
991 _a189471
999 _c70420
_d70420